| Tag |
First Indicator |
Second Indicator |
Subfields |
| LEADER |
00000cam a2200000 a 4500 |
| 001 |
in00000010375 |
| 005 |
20151007051344.0 |
| 008 |
870908s1987 enkae b 001 0 eng d |
| 020 |
|
|
|a 0140444866
|
| 035 |
|
|
|a (OCoLC)16650800
|
| 035 |
|
|
|9 AAA2579AM
|
| 040 |
|
|
|a EYW
|c EYW
|d TXA
|d UtOrBLW
|
| 049 |
|
|
|a TXAM
|c [A11025078]
|
| 050 |
|
4 |
|a HD8389
|b .E515 1987
|
| 100 |
1 |
|
|a Engels, Friedrich,
|d 1820-1895.
|
| 245 |
1 |
4 |
|a The condition of the working class in England /
|c Friedrich Engels ; edited with a foreword by Victor Kiernan.
|
| 264 |
|
1 |
|a Harmondsworth, Middlesex :
|b Penguin Books ;
|a New York :
|b Viking Penguin,
|c [1987]
|
| 264 |
|
4 |
|c ©1987
|
| 300 |
|
|
|a 301 pages :
|b illustrations, plans ;
|c 20 cm.
|
| 336 |
|
|
|a text
|b txt
|2 rdacontent
|
| 337 |
|
|
|a unmediated
|b n
|2 rdamedia
|
| 338 |
|
|
|a volume
|b nc
|2 rdacarrier
|
| 490 |
1 |
|
|a Penguin classics
|
| 504 |
|
|
|a Includes bibliographical references and index.
|
| 650 |
|
0 |
|a Working class
|z Great Britain.
|
| 651 |
|
0 |
|a Great Britain
|x Economic conditions
|y 1760-1860.
|
| 830 |
|
0 |
|a Penguin classics.
|
| 999 |
|
|
|a MARS
|
| 999 |
f |
f |
|s a1a5f0e1-4727-36dd-b8ef-6e99507dba99
|i 7cfadbb0-31c7-3831-8322-864526da79a7
|t 0
|
| 952 |
f |
f |
|p normal
|a Texas A&M University
|b College Station
|c Sterling C. Evans Library
|d Evans: Library Stacks
|t 0
|e HD8389 .E515 1987
|h Library of Congress classification
|i unmediated -- volume
|m A14811025078
|
| 998 |
f |
f |
|a HD8389 .E515 1987
|t 0
|l Evans: Library Stacks
|